000
00304nam a22001337a 4500
008
210226b ||||| |||| 00| 0 eng d
020
_a
9780861712717
041
_a
eng
080
_2
2th
_a
2
100
_a
24
101
_a
TEO
245
_a
Relative Truth,Ultimate Truth
_c
Tsering,T.G
942
_2
udc
_c
BK
999
_c
55277
_d
55277